|
|
|
|
| LEADER |
00000nam0a2200000 4500 |
| 001 |
67247 |
| 005 |
20231031073408.0 |
| 035 |
|
|
|a (RuTPU)RU\TPU\book\71609
|
| 090 |
|
|
|a 67247
|
| 100 |
|
|
|a 20040914d1985 k y0rusy50 ca
|
| 101 |
0 |
|
|a rus
|
| 102 |
|
|
|a RU
|
| 105 |
|
|
|a a z 001zy
|
| 200 |
1 |
|
|a Введение в информационную теорию систем
|f А. В. Шилейко, В. Ф. Кочнев, Ф. Ф. Химушин
|g Под ред. А. В. Шилейко
|
| 210 |
|
|
|a Москва
|c Радио и связь
|d 1985
|
| 215 |
|
|
|a 278 с.
|c ил.
|
| 320 |
|
|
|a Библиогр.: с. 272-276.
|
| 610 |
1 |
|
|a теоретические основы
|
| 610 |
1 |
|
|a теория
|
| 610 |
1 |
|
|a математика
|
| 610 |
1 |
|
|a вычислительные системы
|
| 610 |
1 |
|
|a информация
|
| 675 |
|
|
|a 681.5
|v 3
|
| 700 |
|
1 |
|a Шилейко
|b А. В.
|g Алексей Вольдемарович
|
| 701 |
|
1 |
|a Кочнев
|b В. Ф.
|g Виктор Федорович
|
| 701 |
|
1 |
|a Химушин
|b Ф. Ф.
|g Федор Федорович
|
| 702 |
|
1 |
|a Шилейко
|b А. В.
|g Алексей Вольдемарович
|4 340
|
| 801 |
|
1 |
|a RU
|b 63413507
|c 20040914
|g PSBO
|
| 801 |
|
2 |
|a RU
|b 63413507
|c 20160923
|g PSBO
|
| 942 |
|
|
|c BK
|